|
|
|
|
| LEADER |
01264nam a2200301 a 4500 |
| 001 |
c000182492 |
| 003 |
CARM |
| 005 |
20050421162419.0 |
| 008 |
940607s1994 fr i000 0 eng d |
| 019 |
1 |
|
|a 10935049
|z 23975553
|z 27571016
|5 LACONCORD2021
|
| 020 |
|
|
|a 9264040374
|
| 035 |
|
|
|a (OCoLC)30527324
|5 LACONCORD2021
|
| 040 |
|
|
|a ABN:1
|b eng
|c ABN:1
|d ABN:1
|
| 050 |
1 |
4 |
|a HB225
|b .P76 1994
|
| 082 |
0 |
4 |
|a 338.5
|2 20
|
| 082 |
0 |
4 |
|a 338.5
|
| 245 |
0 |
0 |
|a Producer price indices :
|b sources and methods = sources et méthodes : indices des prix a la production /
|c Statistics Directorate.
|
| 260 |
|
|
|a Paris :
|b OECD,
|c 1994.
|
| 300 |
|
|
|a 68 p. ;
|c 28 cm.
|
| 500 |
|
|
|a This publication describes the data series published under the title " Producer prices" in the OECD Main Economic Indicators.
|
| 500 |
|
|
|a In English and French.
|
| 650 |
|
0 |
|a Prices
|x Statistics.
|
| 650 |
|
0 |
|a Price indexes.
|
| 710 |
2 |
|
|a Organisation for Economic Co-operation and Development.
|b Statistics Directorate
|
| 730 |
0 |
|
|a Main economic indicators.
|
| 852 |
8 |
|
|b CARM
|h A1:AR34F0
|i D07792
|p 0249674
|f BK
|
| 999 |
f |
f |
|i cf10a851-4c53-5785-8740-af28690bd940
|s 4006dfba-c099-5254-8f7a-9a046ef09507
|
| 952 |
f |
f |
|p Can circulate
|a CAVAL
|b CAVAL
|c CAVAL
|d CARM 1 Store
|e D07792
|f A1:AR34F0
|h Other scheme
|i book
|m 0249674
|